46 tips menjadi manusia bahagia : Jalan menuju kebahagiaan sejati & rahsia pencapaiannya

Bibliographic Details
Main Author: Salim, Amr Abdul Mun'im
Corporate Author: Sidang Penterjemah
Format: Book
Published: Kuala Lumpur : Jasmin Enterprise , 2005
Subjects:

MARC

LEADER 00000cam a2200000 7i4500
001 0000014125
005 20080221.0
008 080221
020 |a 9833128734 
090 0 0 |a 297.57   |b SAL 
100 0 |a Salim, Amr Abdul Mun'im 
245 1 0 |a 46 tips menjadi manusia bahagia :   |b Jalan menuju kebahagiaan sejati & rahsia pencapaiannya   |c Amr Abdul Mun'im Salim; penterjemahan Sidang Penterjemah 
246 0 0 |a Empat puluh enam menjadi manusia bahagia   |b Jalan menuju kebahagiaan sejati dan rahsia pencapaiannya 
260 |a Kuala Lumpur :   |b Jasmin Enterprise ,   |c 2005 
650 0 |a Islam   |x Customs and practices 
650 0 |a Religious life   |x Islam 
710 0 |a Sidang Penterjemah 
740 0 |a Empat puluh enam tips menjadi manusia bahagia:Jalan menuju kebahagiaan sejati dan rahsia pencapaiannya 
999 |a 0001008275   |b Book   |c Adult Collection   |e Cawangan Mersing 
999 |a 0001008277   |b Book   |c Adult Collection   |e Perbadanan Perpustakaan Awam Johor 
999 |a 0001008834   |b Book   |c Adult Collection   |e Perbadanan Perpustakaan Awam Johor 
999 |a 0001008835   |b Book   |c Adult Collection   |e Perbadanan Perpustakaan Awam Johor 
999 |a 0001008836   |b Book   |c Adult Collection   |e Perbadanan Perpustakaan Awam Johor